[Event "Bundesliga 2022-23"]
[Site "Bremen GER"]
[Date "2022.11.26"]
[Round "3.2"]
[Board "5"]
[White "Richter, Nils"]
[Black "Jovanovic, Zoran"]
[Result "1-0"]
[WhiteTitle "FM"]
[BlackTitle "GM"]
[WhiteElo "2395"]
[BlackElo "2519"]
[WhiteTeam "TSV Schoenaich"]
[BlackTeam "SK Kirchweyhe"]
[WhiteFideId "12990809"]
[BlackFideId "14505320"]
[EventDate "2022.10.22"]

1. Nf3 d6 2. d4 g6 3. g3 Bg7 4. Bg2 Nf6 5. O-O c6 6. c4 Be6 7. Nbd2 d5 8. b3 O-O
9. Bb2 a5 10. Re1 Na6 11. Ne5 Qb6 12. e4 dxe4 13. Nxe4 Rad8 14. Ng5 Bf5 15. g4
Bc8 16. Qe2 Qc7 17. h3 h6 18. Ngf3 Nd7 19. Rad1 Nxe5 20. Nxe5 e6 21. Qf3 Nb8 22.
Qg3 Rfe8 23. Qf4 g5 24. Qf3 Qe7 25. Bc3 Nd7 26. Nxd7 Rxd7 27. d5 cxd5 28. cxd5
Bxc3 29. Qxc3 Qd8 30. dxe6 Rxe6 31. Rxd7 Rxe1+ 32. Qxe1 Bxd7 33. Bxb7 Be6 34.
Ba6 Qc7 35. Bc4 Bxc4 36. Qc3 Qb6 37. Qxc4 Qf6 38. Kg2 Qb2 39. Qa4 Qd2 40. Qe8+
Kg7 41. Qe5+ Kg8 42. a3 Qd8 43. b4 Qa8+ 44. Kh2 axb4 45. axb4 Qf3 46. Qf5 Qc3
47. b5 Qd4 48. Kg2 Kg7 49. Qf3 Qb2 50. Qc6 Qb4 51. b6 Qb2 52. b7 Qb3 53. Qe4 Qb5
54. Kg1 Kf8 55. Qf3 Qb1+ 56. Kh2 Qb5 57. Qa3+ Kg7 58. Qc3+ Kg6 59. Qc7 Qb2 60.
Kg2 1-0

[Event "Bundesliga 2022-23"]
[Site "Bremen GER"]
[Date "2022.11.26"]
[Round "3.2"]
[Board "6"]
[White "Kovacevic, Aleksandar"]
[Black "Deuer, Marius"]
[Result "1-0"]
[WhiteTitle "GM"]
[BlackTitle "FM"]
[WhiteElo "2471"]
[BlackElo "2326"]
[WhiteTeam "SK Kirchweyhe"]
[BlackTeam "TSV Schoenaich"]
[WhiteFideId "903124"]
[BlackFideId "16236432"]
[EventDate "2022.10.22"]

1. Nf3 Nf6 2. d4 e6 3. c4 b6 4. g3 Ba6 5. b3 Bb4+ 6. Bd2 Be7 7. Nc3 d5 8. cxd5
exd5 9. Bg2 O-O 10. O-O Re8 11. Ne5 Bb7 12. Rc1 Nbd7 13. Bf4 Nf8 14. Rc2 Ne6 15.
Bc1 a6 16. e3 Bd6 17. Bb2 c5 18. Nc4 cxd4 19. Nxd6 Qxd6 20. exd4 Rac8 21. Qd3 b5
22. Rfc1 h6 23. Nd1 Rxc2 24. Rxc2 Ne4 25. Ne3 Qd7 26. Re2 Rd8 27. Ng4 Rc8 28. f3
Nd6 29. Bh3 Qc7 30. Ba3 Re8 31. Nxh6+ gxh6 32. Bxe6 Rxe6 33. Rxe6 fxe6 34. Qg6+
Kh8 35. Qxh6+ Kg8 36. Qg6+ Kh8 37. Qh6+ Kg8 38. Qf4 b4 39. Bxb4 Nb5 40. Qg4+ Kf7
41. Qh5+ Kg7 42. Qg4+ Kf7 43. Bc5 Kf6 44. a4 Nc3 45. h4 Qg7 46. Qf4+ Kg6 47. Qd2
Kh7 48. Kf2 Ne4+ 49. fxe4 dxe4 50. Qf4 Bd5 51. b4 Qd7 52. Bd6 Qe8 53. b5 axb5
54. axb5 e5 55. Qf5+ Kg8 56. Bxe5 Qxb5 57. Qg6+ Kf8 58. Bd6# 1-0

[Event "Bundesliga 2022-23"]
[Site "Bremen GER"]
[Date "2022.11.26"]
[Round "3.2"]
[Board "7"]
[White "Vyval, Volodymyr"]
[Black "Palac, Mladen"]
[Result "0-1"]
[BlackTitle "GM"]
[WhiteElo "2282"]
[BlackElo "2516"]
[WhiteTeam "TSV Schoenaich"]
[BlackTeam "SK Kirchweyhe"]
[WhiteFideId "14121530"]
[BlackFideId "14500116"]
[EventDate "2022.10.22"]

1. e4 c5 2. Nf3 d6 3. d4 cxd4 4. Nxd4 Nf6 5. Nc3 a6 6. g3 e5 7. Nde2 Be7 8. Bg2
O-O 9. a4 Nc6 10. O-O Nb4 11. b3 Be6 12. Ba3 a5 13. Nb5 d5 14. exd5 Bxd5 15. c3
Nc6 16. Bxe7 Nxe7 17. Ra2 Qb6 18. Bxd5 Nexd5 19. Rd2 Rad8 20. Rd3 Ne7 21. Rd6
Rxd6 22. Qxd6 Nc6 23. Qa3 Ne4 24. Qc1 Rd8 25. Kg2 Nd2 26. Re1 Nxb3 27. Qc2 Nc5
28. Rb1 Ne7 29. Kg1 Qg6 30. Qxg6 hxg6 31. Kf1 Rd7 32. Na3 Nxa4 33. Nc4 Nc6 34.
Ke1 f6 35. Rb5 b6 36. h4 Na7 37. Rb3 Rc7 38. Ne3 Kf7 39. Nd5 Rc6 40. Ra3 Nb2 41.
Nb4 Rd6 42. f4 Nb5 43. Rb3 Rd1+ 44. Kf2 Rb1 45. c4 Nd1+ 0-1

[Event "Bundesliga 2022-23"]
[Site "Bremen GER"]
[Date "2022.11.26"]
[Round "3.2"]
[Board "8"]
[White "Zelcic, Robert"]
[Black "Saric, Ante"]
[Result "0-1"]
[WhiteTitle "GM"]
[BlackTitle "GM"]
[WhiteElo "2495"]
[BlackElo "2510"]
[WhiteTeam "SK Kirchweyhe"]
[BlackTeam "TSV Schoenaich"]
[WhiteFideId "14500310"]
[BlackFideId "14506254"]
[EventDate "2022.10.22"]

1. e4 e6 2. d4 d5 3. Nc3 dxe4 4. Nxe4 Nd7 5. Nf3 Ngf6 6. Bd3 c5 7. Nxf6+ Nxf6 8.
Be3 Qc7 9. Qe2 a6 10. O-O b6 11. c4 Be7 12. Rfd1 Bb7 13. dxc5 Bxc5 14. Bxc5 Qxc5
15. Ne5 Rd8 16. Rd2 Ke7 17. Rad1 Be4 18. Bxe4 Qxe5 19. Rxd8 Rxd8 20. Rxd8 Kxd8
21. Qd2+ Ke7 22. Bf3 a5 23. g3 g5 24. a3 h6 25. Qc1 Qd4 26. b4 axb4 27. axb4 Nd7
28. Qc2 Qa1+ 29. Kg2 Qa3 30. Qb1 Ne5 31. Be2 f5 32. Kg1 Qc3 33. c5 bxc5 34. b5
Nd7 35. Bf1 g4 36. Qa2 Qd4 37. Qa7 Qd6 38. Qa1 Qd4 39. Qc1 Nb6 40. Qxh6 c4 41.
Qh7+ Kd6 42. Qb7 c3 43. Qc6+ Ke7 44. Be2 Nd7 45. b6 Nxb6 46. Qb7+ Nd7 47. Qb3
Nc5 0-1

[Event "Bundesliga 2022-23"]
[Site "Muelheim GER"]
[Date "2022.11.26"]
[Round "3.3"]
[Board "1"]
[White "Jones, Gawain C B"]
[Black "Navara, David"]
[Result "1/2-1/2"]
[WhiteTitle "GM"]
[BlackTitle "GM"]
[WhiteElo "2626"]
[BlackElo "2676"]
[WhiteTeam "Muenchener Schachclub 1836"]
[BlackTeam "SV Muelheim Nord"]
[WhiteFideId "409561"]
[BlackFideId "309095"]
[EventDate "2022.10.22"]

1. e4 e5 2. Nc3 Nf6 3. Bc4 Nxe4 4. Qh5 Nd6 5. Qxe5+ Qe7 6. Qxe7+ Bxe7 7. Be2 Nf5
8. Nf3 c6 9. g4 Nh4 10. Nxh4 Bxh4 11. Ne4 d5 12. Nd6+ Ke7 13. Nxc8+ Rxc8 14. d4
Nd7 15. O-O h6 16. Bd3 Re8 17. Bd2 Kf8 18. Rae1 Rxe1 19. Rxe1 Re8 20. Rxe8+ Kxe8
21. Kg2 Nf8 22. f4 Ne6 23. f5 Bg5 24. fxe6 1/2-1/2

[Event "Bundesliga 2022-23"]
[Site "Muelheim GER"]
[Date "2022.11.26"]
[Round "3.3"]
[Board "2"]
[White "Nguyen, Thai Dai Van"]
[Black "Saric, Ivan"]
[Result "1/2-1/2"]
[WhiteTitle "GM"]
[BlackTitle "GM"]
[WhiteElo "2634"]
[BlackElo "2668"]
[WhiteTeam "SV Muelheim Nord"]
[BlackTeam "Muenchener Schachclub 1836"]
[WhiteFideId "358878"]
[BlackFideId "14508150"]
[EventDate "2022.10.22"]

1. e4 c5 2. Nf3 d6 3. d4 cxd4 4. Nxd4 Nf6 5. Nc3 a6 6. Be3 e5 7. Nf3 Be7 8. Bc4
O-O 9. Bb3 Be6 10. O-O Nc6 11. Qe2 Na5 12. Rfd1 Nxb3 13. axb3 Nd7 14. Nd5 Bxd5
15. Rxd5 Qc7 16. Rd3 b5 17. Bg5 Bxg5 18. Nxg5 h6 19. Nf3 Nc5 20. Rd5 Rae8 21. b4
Na4 22. c3 Re6 23. Rd3 Qb7 24. Rad1 Qc6 25. Nh4 g6 26. Nf5 Nxb2 27. Nxh6+ Kg7
28. Qxb2 Kxh6 29. Qd2+ Kg7 30. Rxd6 Rxd6 31. Qxd6 Qxc3 32. h4 Re8 33. Qxa6 1/2-1/2

[Event "Bundesliga 2022-23"]
[Site "Muelheim GER"]
[Date "2022.11.26"]
[Round "3.3"]
[Board "3"]
[White "Indjic, Aleksandar"]
[Black "Moiseenko, Alexander"]
[Result "1-0"]
[WhiteTitle "GM"]
[BlackTitle "GM"]
[WhiteElo "2630"]
[BlackElo "2582"]
[WhiteTeam "Muenchener Schachclub 1836"]
[BlackTeam "SV Muelheim Nord"]
[WhiteFideId "911925"]
[BlackFideId "14102560"]
[EventDate "2022.10.22"]

1. e4 c5 2. Nc3 e6 3. Nge2 Nc6 4. g3 d5 5. exd5 exd5 6. d4 Nf6 7. Be3 cxd4 8.
Bxd4 Nxd4 9. Qxd4 Qa5 10. O-O-O Bc5 11. Qe5+ Be6 12. Bh3 O-O 13. Bxe6 fxe6 14.
Nd4 Bxd4 15. Qxe6+ Rf7 16. Rxd4 Re8 17. Qd6 Ne4 18. Qxd5 Qxd5 19. Nxd5 Nxf2 20.
Rg1 g5 21. b3 Kg7 22. Rd2 Nh3 23. Rgg2 Re1+ 24. Rd1 Re5 25. c4 Kg6 26. Kc2 Kh5
27. Kc3 Nf2 28. Rd2 Ne4+ 29. Kd4 Nxd2 30. Kxe5 Nf3+ 31. Ke6 Kg6 32. Ne7+ Kg7 33.
Nf5+ Kf8 34. g4 h5 35. h3 hxg4 36. hxg4 Nh4 37. Rd2 Nxf5 38. gxf5 Re7+ 39. Kf6
g4 40. Rd8+ Re8 41. Rd7 Rc8 42. Rf7+ Ke8 43. Rxb7 g3 44. Rg7 Rc6+ 45. Ke5 Ra6
46. Rxg3 Rxa2 47. Rg7 a5 48. Rb7 a4 49. bxa4 Rxa4 50. c5 Rc4 51. Ke6 Re4+ 52.
Kf6 Rc4 53. Re7+ 1-0

[Event "Bundesliga 2022-23"]
[Site "Muelheim GER"]
[Date "2022.11.26"]
[Round "3.3"]
[Board "4"]
[White "Dardha, Daniel"]
[Black "Martinovic, Sasa"]
[Result "1/2-1/2"]
[WhiteTitle "GM"]
[BlackTitle "GM"]
[WhiteElo "2610"]
[BlackElo "2546"]
[WhiteTeam "SV Muelheim Nord"]
[BlackTeam "Muenchener Schachclub 1836"]
[WhiteFideId "240990"]
[BlackFideId "14509792"]
[EventDate "2022.10.22"]

1. e4 e6 2. d4 d5 3. Nc3 Nf6 4. e5 Nfd7 5. f4 c5 6. Nf3 Nc6 7. Be3 cxd4 8. Nxd4
Qb6 9. Qd2 Qxb2 10. Rb1 Qa3 11. Bb5 Nxd4 12. Bxd4 a6 13. Bxd7+ Bxd7 14. Rb3 Qe7
15. Rxb7 Qh4+ 16. Qf2 Qxf2+ 17. Kxf2 Be7 18. Rhb1 Bd8 19. Rb8 Rxb8 20. Rxb8 O-O
21. Rb7 Bc6 22. Ra7 Ba5 23. Rxa6 Bxc3 24. Bxc3 Rc8 25. Ke1 d4 26. Bxd4 Bxg2 27.
Kd2 Ra8 28. Ba7 h5 29. c4 Kh7 30. Ra3 h4 31. Bc5 Rc8 32. Ra5 Kg6 33. Kc3 Kf5 34.
Bf2 Kxf4 35. Bxh4 Bd5 36. Bg3+ Ke3 37. Ra4 1/2-1/2

[Event "Bundesliga 2022-23"]
[Site "Muelheim GER"]
[Date "2022.11.26"]
[Round "3.3"]
[Board "5"]
[White "Prusikin, Michael"]
[Black "Neiksans, Arturs"]
[Result "1/2-1/2"]
[WhiteTitle "GM"]
[BlackTitle "GM"]
[WhiteElo "2517"]
[BlackElo "2594"]
[WhiteTeam "Muenchener Schachclub 1836"]
[BlackTeam "SV Muelheim Nord"]
[WhiteFideId "4642325"]
[BlackFideId "11601388"]
[EventDate "2022.10.22"]

1. d4 Nf6 2. Nf3 e6 3. Bf4 b6 4. e3 Bb7 5. Nbd2 Be7 6. h3 O-O 7. Bd3 c5 8. O-O
d5 9. c3 Ba6 10. Bxa6 Nxa6 11. Qe2 Nb8 12. e4 Nc6 13. e5 Nd7 14. Rfd1 cxd4 15.
cxd4 a5 16. Rac1 Qc7 17. a4 Qb7 18. Nb1 Rac8 19. Nc3 Na7 20. h4 Rc4 21. b3 1/2-1/2

[Event "Bundesliga 2022-23"]
[Site "Muelheim GER"]
[Date "2022.11.26"]
[Round "3.3"]
[Board "6"]
[White "Hausrath, Daniel"]
[Black "Horvath, Dominik"]
[Result "1/2-1/2"]
[WhiteTitle "GM"]
[BlackTitle "IM"]
[WhiteElo "2465"]
[BlackElo "2505"]
[WhiteTeam "SV Muelheim Nord"]
[BlackTeam "Muenchener Schachclub 1836"]
[WhiteFideId "4617495"]
[BlackFideId "1642561"]
[EventDate "2022.10.22"]

1. Nf3 c5 2. c4 Nc6 3. Nc3 Nf6 4. g3 e6 5. Bg2 d5 6. cxd5 exd5 7. d4 cxd4 8.
Nxd4 Bc5 9. Nxc6 bxc6 10. O-O O-O 11. Qc2 Bb6 12. Na4 Ba6 13. Nxb6 Qxb6 14. Bg5
Rfe8 15. Rfe1 Ng4 16. e3 Ne5 17. Red1 Re6 18. Bf4 Ng6 19. Rd4 h6 20. Rc1 Rf6 21.
Qc3 Bb5 22. a4 Nxf4 23. gxf4 Bc4 24. a5 Qd8 25. b3 Bb5 26. Kh1 Qd7 27. Rg1 Re8
28. Rdd1 Qf5 29. Bf3 Rg6 30. Rxg6 fxg6 31. Rg1 Re7 32. Qc5 Rf7 33. Bg4 Qf6 34.
Qc2 d4 35. exd4 Qxd4 36. Qxg6 Bd3 37. Qe6 Qxf4 38. f3 Kh7 39. Bh5 Rc7 40. Bg6+
Bxg6 41. Qxg6+ Kg8 1/2-1/2

[Event "Bundesliga 2022-23"]
[Site "Muelheim GER"]
[Date "2022.11.26"]
[Round "3.3"]
[Board "7"]
[White "Yankelevich, Lev"]
[Black "Saltaev, Mihail"]
[Result "1/2-1/2"]
[WhiteTitle "GM"]
[BlackTitle "GM"]
[WhiteElo "2484"]
[BlackElo "2469"]
[WhiteTeam "Muenchener Schachclub 1836"]
[BlackTeam "SV Muelheim Nord"]
[WhiteFideId "24684074"]
[BlackFideId "14200058"]
[EventDate "2022.10.22"]

1. d4 d5 2. c4 e6 3. Nf3 Nf6 4. Nc3 dxc4 5. e4 Bb4 6. Bxc4 Nxe4 7. O-O Nxc3 8.
bxc3 Bd6 9. Ng5 h6 10. Qh5 O-O 11. Ne4 Nd7 12. Bxh6 gxh6 13. Qxh6 Re8 14. Nxd6
cxd6 15. Bd3 Qf6 16. Bh7+ Kh8 17. Bg6+ Kg8 18. Bh7+ Kh8 19. Bg6+ Kg8 1/2-1/2

[Event "Bundesliga 2022-23"]
[Site "Muelheim GER"]
[Date "2022.11.26"]
[Round "3.3"]
[Board "8"]
[White "Dinstuhl, Volkmar"]
[Black "Watson, William N"]
[Result "1-0"]
[WhiteTitle "IM"]
[BlackTitle "GM"]
[WhiteElo "2379"]
[BlackElo "2492"]
[WhiteTeam "SV Muelheim Nord"]
[BlackTeam "Muenchener Schachclub 1836"]
[WhiteFideId "4613562"]
[BlackFideId "400157"]
[EventDate "2022.10.22"]

1. d4 Nf6 2. c4 g6 3. Nc3 Bg7 4. e4 O-O 5. h3 c5 6. d5 e6 7. Bd3 a6 8. a4 exd5
9. cxd5 Re8 10. Nge2 d6 11. Bf4 Nh5 12. Bh2 f5 13. exf5 Bxf5 14. O-O Bxd3 15.
Qxd3 Qe7 16. g4 Nf6 17. Nf4 Nbd7 18. Ne6 Ne5 19. Bxe5 dxe5 20. Rae1 Nxd5 21.
Nxd5 Qxe6 22. Nc7 Qc6 23. Nxa8 Rxa8 24. Qc4+ Kh8 25. Rc1 Rf8 26. Qxc5 Qxa4 27.
Qd5 h5 28. Qc4 Qe8 29. Rce1 Qe7 30. Re4 Qf6 31. Qe2 Qg5 32. Rd1 Qf6 33. Kg2 Qc6
34. Rd2 Bh6 35. Rc2 Qd5 36. b4 hxg4 37. hxg4 Bf4 38. Qc4 Qd7 39. f3 Rd8 40. Qc7
Qd1 41. Rce2 Rd7 42. Qc2 Qd6 43. Re1 Kg7 44. Rc4 Qb6 45. Qf2 Qd8 46. Rc2 Rd4 47.
Re4 Rxe4 48. fxe4 Qd3 49. Rc7+ Kg8 50. Qf3 Qd2+ 51. Kf1 Qxb4 52. Qd3 Qd4 53.
Qb3+ Kh8 54. Qh3+ 1-0

[Event "Bundesliga 2022-23"]
[Site "Muelheim GER"]
[Date "2022.11.26"]
[Round "3.4"]
[Board "1"]
[White "Sedlak, Nikola"]
[Black "Harikrishna, Pentala"]
[Result "1/2-1/2"]
[WhiteTitle "GM"]
[BlackTitle "GM"]
[WhiteElo "2472"]
[BlackElo "2717"]
[WhiteTeam "SV Deggendorf"]
[BlackTeam "SG Solingen"]
[WhiteFideId "922900"]
[BlackFideId "5007003"]
[EventDate "2022.10.22"]

1. d4 Nf6 2. Nf3 d5 3. Bf4 Bf5 4. e3 e6 5. Nbd2 Bd6 6. Ne5 Nbd7 7. h4 h6 8. Be2
Ne4 9. g4 Bh7 10. Nxe4 Bxe4 11. f3 Bh7 12. Qd2 Qe7 13. O-O-O Nxe5 14. Bxe5 Bxe5
15. dxe5 Qc5 16. Bd3 Bxd3 17. Qxd3 O-O-O 18. h5 Qa5 19. Kb1 c5 20. f4 Rd7 21. c3
Qc7 22. Rhg1 a6 23. g5 hxg5 24. Rxg5 Kb8 25. Qe2 f6 26. exf6 gxf6 27. Rg6 d4 28.
exd4 cxd4 29. Rxf6 dxc3 30. Rxd7 c2+ 31. Qxc2 Qxd7 32. Qe2 Qd5 33. Rxe6 Qh1+ 34.
Qe1 Rxh5 35. a4 Kc7 36. Qxh1 Rxh1+ 37. Kc2 Rf1 38. Re4 Rf3 39. Rc4+ Kd6 40. a5
Rh3 41. Rc3 Rh2+ 42. Kb3 Rf2 43. Rc4 Kd5 44. Rb4 Rf3+ 45. Ka4 Kc6 46. Rb6+ Kd5
47. Rf6 Kc4 48. Rf7 Rf1 49. b3+ Kc5 50. b4+ Kc6 51. Kb3 b5 52. axb6 Kxb6 53.
Rf6+ Kb5 54. Rf5+ Kb6 55. Rf8 Kb5 56. Rb8+ Kc6 57. Rc8+ Kb6 58. Rc4 a5 59. bxa5+
Kxa5 60. Kc3 Kb5 61. Re4 Kc5 62. Kd3 Kd5 63. Re5+ Kd6 64. Ke4 1/2-1/2

[Event "Bundesliga 2022-23"]
[Site "Muelheim GER"]
[Date "2022.11.26"]
[Round "3.4"]
[Board "2"]
[White "Ragger, Markus"]
[Black "Delchev, Aleksander"]
[Result "1/2-1/2"]
[WhiteTitle "GM"]
[BlackTitle "GM"]
[WhiteElo "2632"]
[BlackElo "2503"]
[WhiteTeam "SG Solingen"]
[BlackTeam "SV Deggendorf"]
[WhiteFideId "1610856"]
[BlackFideId "2900394"]
[EventDate "2022.10.22"]

1. e4 c5 2. Nf3 Nc6 3. Bb5 d6 4. O-O Bd7 5. Re1 a6 6. Bxc6 Bxc6 7. d4 cxd4 8.
Nxd4 Rc8 9. b3 Nf6 10. Nxc6 Rxc6 11. c4 e6 12. Bb2 Be7 13. Nc3 O-O 14. a4 Nd7
15. Rc1 Bg5 16. Rb1 Bf6 17. Ne2 Bxb2 18. Rxb2 Qa5 19. Nd4 Rc7 20. Qd2 Qxd2 21.
Rxd2 Nc5 22. Re3 g6 23. f3 Rb8 24. Nc2 b5 25. axb5 axb5 26. Rxd6 bxc4 27. bxc4
Rb2 28. Re2 Nb3 29. Nd4 Rb1+ 30. Kf2 Nxd4 31. Rxd4 Rc1 32. Red2 R7xc4 1/2-1/2

[Event "Bundesliga 2022-23"]
[Site "Muelheim GER"]
[Date "2022.11.26"]
[Round "3.4"]
[Board "3"]
[White "Stojanovic, Dalibor"]
[Black "Tari, Aryan"]
[Result "1/2-1/2"]
[WhiteTitle "GM"]
[BlackTitle "GM"]
[WhiteElo "2472"]
[BlackElo "2656"]
[WhiteTeam "SV Deggendorf"]
[BlackTeam "SG Solingen"]
[WhiteFideId "922692"]
[BlackFideId "1510045"]
[EventDate "2022.10.22"]

1. e4 c5 2. Nf3 e6 3. Nc3 Nc6 4. Bb5 Nd4 5. Bc4 Nf6 6. O-O a6 7. d3 b5 8. Bb3
Bb7 9. Nxd4 cxd4 10. Ne2 Bc5 11. a4 O-O 12. Bg5 h6 13. Bh4 g5 14. Bg3 d6 15.
axb5 axb5 16. Rxa8 Bxa8 17. h3 e5 18. Bh2 Bc6 19. c3 dxc3 20. bxc3 Bb6 21. Ng3
Bd7 22. d4 Qe7 23. Qd3 Rc8 24. Qf3 exd4 25. Nf5 Qxe4 26. Qxe4 Nxe4 27. Ne7+ Kg7
28. Nxc8 Bxc8 29. cxd4 Bxd4 1/2-1/2

[Event "Bundesliga 2022-23"]
[Site "Muelheim GER"]
[Date "2022.11.26"]
[Round "3.4"]
[Board "4"]
[White "L'Ami, Erwin"]
[Black "Bogosavljevic, Boban"]
[Result "1/2-1/2"]
[WhiteTitle "GM"]
[BlackTitle "GM"]
[WhiteElo "2617"]
[BlackElo "2533"]
[WhiteTeam "SG Solingen"]
[BlackTeam "SV Deggendorf"]
[WhiteFideId "1007998"]
[BlackFideId "931152"]
[EventDate "2022.10.22"]

1. d4 Nf6 2. c4 e6 3. Nc3 Bb4 4. Qc2 O-O 5. a3 Bxc3+ 6. Qxc3 b6 7. Bg5 c5 8. Nf3
Bb7 9. dxc5 bxc5 10. e3 a5 11. Bd3 d6 12. O-O Nbd7 13. Nd2 h6 14. Bh4 Re8 15.
Qc2 Rb8 16. Rad1 Qb6 17. Nb1 Bc6 18. Rd2 d5 19. Bg3 Rbc8 20. Re1 d4 21. Rde2 e5
22. f3 e4 23. fxe4 Ng4 24. exd4 cxd4 25. Nd2 Ne3 26. Qb1 Nc5 27. b4 axb4 28.
axb4 Nxd3 29. Qxd3 Qxb4 30. Bf2 Rcd8 31. Bxe3 dxe3 32. Qxe3 Re6 33. h3 Red6 34.
Nf3 Qxc4 35. Ne5 Qe6 36. Nxc6 Rxc6 37. Qf4 Rc4 38. Qf5 Qxf5 39. exf5 h5 40. Re4
Rc5 41. Rf4 Rdd5 42. Ref1 Kh7 1/2-1/2

[Event "Bundesliga 2022-23"]
[Site "Muelheim GER"]
[Date "2022.11.26"]
[Round "3.4"]
[Board "5"]
[White "Popovic, Dusan"]
[Black "Andersen, Mads"]
[Result "1/2-1/2"]
[WhiteTitle "GM"]
[BlackTitle "GM"]
[WhiteElo "2486"]
[BlackElo "2604"]
[WhiteTeam "SV Deggendorf"]
[BlackTeam "SG Solingen"]
[WhiteFideId "927031"]
[BlackFideId "1413864"]
[EventDate "2022.10.22"]

1. Nf3 d5 2. g3 g6 3. Bg2 Bg7 4. O-O e5 5. d3 Nc6 6. e4 dxe4 7. dxe4 Qxd1 8.
Rxd1 Bg4 9. c3 Nf6 10. Nbd2 O-O 11. Re1 a5 12. Nc4 Rfe8 13. h3 Bc8 14. Bg5 h6
15. Bxf6 Bxf6 16. Ne3 Nb8 17. h4 Na6 18. Kh2 Nc5 19. Bh3 Bxh3 20. Kxh3 Nxe4 21.
Ng4 h5 22. Rxe4 hxg4+ 23. Rxg4 e4 24. Nd2 e3 25. fxe3 Rxe3 26. Rf1 Be7 27. a4
Re2 28. Nc4 c6 29. Rgf4 f6 30. Rd4 b5 31. axb5 cxb5 32. Nb6 Rd8 33. Nd5 Kg7 34.
Nxe7 Rxd4 35. cxd4 Rxe7 36. Rc1 Re2 37. b3 Re3 38. Rc7+ Kf8 39. Ra7 Rxb3 40.
Rxa5 Rb4 41. g4 Rxd4 42. Rxb5 Rd3+ 1/2-1/2

[Event "Bundesliga 2022-23"]
[Site "Muelheim GER"]
[Date "2022.11.26"]
[Round "3.4"]
[Board "6"]
[White "Van Wely, Loek"]
[Black "Miljkovic, Miroslav D"]
[Result "1-0"]
[WhiteTitle "GM"]
[BlackTitle "GM"]
[WhiteElo "2629"]
[BlackElo "2453"]
[WhiteTeam "SG Solingen"]
[BlackTeam "SV Deggendorf"]
[WhiteFideId "1000268"]
[BlackFideId "922722"]
[EventDate "2022.10.22"]

1. c4 c6 2. Nc3 d5 3. d4 Nf6 4. Nf3 e6 5. Bg5 Nbd7 6. cxd5 exd5 7. e3 Be7 8. Qc2
O-O 9. Bd3 h6 10. Bh4 Ne8 11. Bg3 b6 12. O-O Bb7 13. Rfd1 Bd6 14. e4 Bxg3 15.
hxg3 dxe4 16. Nxe4 Qc7 17. Rac1 Rd8 18. b4 Qb8 19. a4 Nd6 20. Qb3 Rfe8 21. Nxd6
Qxd6 22. Bc4 Qf6 23. Re1 Kf8 24. a5 g5 25. Re3 Rxe3 26. fxe3 b5 27. Bd3 Qe6 28.
Qxe6 fxe6 29. Kf2 Ke7 30. Rh1 g4 31. Nd2 c5 32. bxc5 Nxc5 33. Bxb5 e5 34. Rh5
Rd5 35. Bc4 1-0

[Event "Bundesliga 2022-23"]
[Site "Muelheim GER"]
[Date "2022.11.26"]
[Round "3.4"]
[Board "7"]
[White "Dudin, Gleb"]
[Black "Handke, Florian"]
[Result "1/2-1/2"]
[WhiteTitle "IM"]
[BlackTitle "GM"]
[WhiteElo "2471"]
[BlackElo "2526"]
[WhiteTeam "SV Deggendorf"]
[BlackTeam "SG Solingen"]
[WhiteFideId "34184934"]
[BlackFideId "4634527"]
[EventDate "2022.10.22"]

1. d4 Nf6 2. c4 g6 3. Nc3 d5 4. Nf3 Bg7 5. cxd5 Nxd5 6. e4 Nxc3 7. bxc3 c5 8.
Be3 Bg4 9. Qd2 O-O 10. Ng5 cxd4 11. cxd4 Nc6 12. h3 Bd7 13. Rb1 Rc8 14. Nf3 f5
15. Bd3 fxe4 16. Bxe4 Bf5 17. Bxf5 Rxf5 18. O-O Qd7 19. Qd3 Rd5 20. Rfc1 Rf8 21.
Qe4 Rd8 22. Rc5 b6 23. Rxd5 Qxd5 24. Qxd5+ Rxd5 25. Rc1 Nxd4 26. Rc8+ Kf7 27.
Ng5+ Kf6 28. Rc7 h6 29. Ne4+ Ke6 30. Rxa7 Ra5 31. Rb7 Rxa2 1/2-1/2

[Event "Bundesliga 2022-23"]
[Site "Muelheim GER"]
[Date "2022.11.26"]
[Round "3.4"]
[Board "8"]
[White "Naumann, Alexander"]
[Black "Kuznecovs, Nikita"]
[Result "1/2-1/2"]
[WhiteTitle "GM"]
[BlackTitle "FM"]
[WhiteElo "2513"]
[BlackElo "2301"]
[WhiteTeam "SG Solingen"]
[BlackTeam "SV Deggendorf"]
[WhiteFideId "4623169"]
[BlackFideId "11604557"]
[EventDate "2022.10.22"]

1. e4 e5 2. Nf3 Nc6 3. d4 exd4 4. Nxd4 Bc5 5. Nxc6 bxc6 6. Nc3 d6 7. Bd3 Qh4 8.
Qf3 Rb8 9. Qg3 Qxg3 10. hxg3 Ne7 11. b3 f5 12. Bb2 O-O 13. f3 Be3 14. Ne2 fxe4
15. Bxe4 Bf5 16. Bxf5 Rxf5 17. Rh4 d5 18. Bd4 Bxd4 19. Rxd4 Re5 20. Kf2 Nf5 21.
Ra4 Rbe8 22. Ng1 h5 23. Rxa7 d4 24. Rd1 Rc5 25. Rd2 Ne3 26. Rxc7 Nxc2 27. Ne2
Rd8 28. Nf4 Rd6 29. Nd3 Rc3 30. Ne5 Ne3 31. f4 Rc1 32. Kf3 Nf5 33. g4 Rf1+ 34.
Ke2 Ng3+ 35. Kd3 Rc1 36. Rc2 Rd1+ 37. Rd2 Rc1 38. Rc2 Rd1+ 39. Rd2 Rc1 40. Rc8+
Kh7 41. Rc2 Rd1+ 42. Rd2 Rc1 43. Rc2 Rd1+ 44. Rd2 Rc1 45. Rc2 Rd1+ 46. Rd2 1/2-1/2

[Event "Bundesliga 2022-23"]
[Site "Deizisau GER"]
[Date "2022.11.26"]
[Round "3.5"]
[Board "1"]
[White "Mamedyarov, Shakhriyar"]
[Black "Moussard, Jules"]
[Result "1/2-1/2"]
[WhiteTitle "GM"]
[BlackTitle "GM"]
[WhiteElo "2747"]
[BlackElo "2686"]
[WhiteTeam "SC Viernheim"]
[BlackTeam "Schachfreunde Deizisau"]
[WhiteFideId "13401319"]
[BlackFideId "642908"]
[EventDate "2022.10.22"]

1. c4 e6 2. Nc3 d5 3. d4 Nf6 4. cxd5 exd5 5. Bg5 c6 6. e3 h6 7. Bh4 Be7 8. Bd3
O-O 9. Nge2 Ne8 10. Bg3 Nd6 11. Qc2 Re8 12. O-O Bf8 13. Rae1 a5 14. a3 Na6 15.
Bf4 b5 16. Ng3 Nc4 17. e4 Be6 18. exd5 Bxd5 19. Rxe8 Qxe8 20. Nxd5 cxd5 21. Nf5
Qe6 22. h3 a4 23. Bc1 Re8 24. Qd1 Nb8 25. b3 axb3 26. Qxb3 Qc6 27. Bb1 1/2-1/2